Istilah perbankan : Bahasa Inggeris - Bahasa Malaysia, Bahasa Malaysia - Bahasa Inggeris /

Bibliographic Details
Corporate Author: Dewan Bahasa dan Pustaka
Format: Book
Published: Kuala Lumpur: Dewan Bahasa dan Pustaka, 1991.
Subjects:
LEADER 00756cam a2200205 7i4500
001 0000021261
005 20151104090000.0
005 ##20151104123800.0
003 ##MY-KlINT
020 # # |a 9836226419  
039 # 9 |y 201511041238  |z VLOAD 
090 0 0 |a E 332.103   |b IST 
245 0 0 |a Istilah perbankan :   |b Bahasa Inggeris - Bahasa Malaysia, Bahasa Malaysia - Bahasa Inggeris /   |c Dewan Bahasa dan Pustaka. 
260 # # |a Kuala Lumpur:   |b Dewan Bahasa dan Pustaka,   |c 1991. 
300 # # |a 85 p.. 
650 # 0 |a Banks and banking --   |x Dictionaries --   |x Bahasa Malaysia  
650 # 0 |a Banks and banking --   |x Dictionaries --   |x English  
650 # 0 |a Finance --   |x Dictionaries --   |x Bahasa Malaysia  
650 # 0 |a Finance --   |x Dictionaries --   |x English  
710 0 # |a Dewan Bahasa dan Pustaka